Derecho penal: parte general

Salvato in:
Dettagli Bibliografici
Autore principale: Creus, Carlos (Autore)
Natura: Libro
Lingua:spagnolo
Pubblicazione: Buenos Aires Astrea 1990
Edizione:2a. ed
Soggetti:
Tags: Aggiungi Tag
Nessun Tag, puoi essere il primo ad aggiungerne!!

MARC

LEADER 00000nam a2200000 a 4500
001 UCV2553
003 CL-VaPUC
008 920826e19900000AG |||||||||||||||||spa|d
082 0 4 |a 345  |b CRE  |2 21 
100 0 |a Creus, Carlos  |e author  |9 296797 
245 1 0 |a Derecho penal: parte general 
250 |a 2a. ed 
300 |a 543 p 
942 |c BK 
945 |d 19920826 00:00:00 
260 |a Buenos Aires  |b Astrea  |c 1990 
650 7 |a DERECHO PENAL  |2 CL-VaPUC  |9 11 
583 |a last modification  |c 19920826 00:00:00  |k Rodrigo Vera 
999 |c 210094  |d 210092 
952 |0 0  |1 0  |4 0  |6 345_000000000000000_CRE_1990  |7 0  |8 A  |9 186115  |a BIBDER  |b BIBDER  |d 2019-11-14  |i 2535696  |l 3  |o 345 CRE 1990  |p 2535696  |r 2025-01-13  |s 2025-01-13  |w 2019-11-14  |y BK  |k DER